Wszystkie nazwy skoczni goszczących w historii PŚ - Statystyki

Ogólne statystyki
  • Ten quiz został rozwiązany 21 razy
  • Średni wynik to 7 z 42
Statystyki odpowiedzi
Miasto Nazwa Skoczni % Poprawnych
Harrachov Čertak
78%
Zakopane (normalna) Średnia Krokiew
78%
Planica (duża) Bloudkova Velikanka
67%
Thunder Bay (duża) Big Thunder
33%
Liberec Ještéd
33%
Falun Lugnet
33%
Kuopio Puijo
28%
Planica (normalna) Srednija Velikanka
28%
Kranj Bauhenk
22%
Thunder Bay (normalna) Normal Thunder
22%
Iron Mountain Pine Mountain
22%
Ironwood Copper Peak
17%
Ałmaty Gornyj Gigant
17%
Örnsköldsvik Paradiskullen
17%
Courchevel Tremplin du Praz
17%
Park City Utah Olympic Park
17%
Saint-Nizier Dauphine
11%
Cortina d'Ampezzo Italia
11%
Lake Placid MacKenzie Intervale
11%
Szczyrbskie Jezioro (duża) MS 1970 A
11%
Strbske Pleso (normalna) MS 1970 B
11%
Hakuba Skocznia Olimpijska
11%
Baerum Skuibakken
11%
Villach Villacher Alpenarena
11%
Bollnäs Bolleberget
6%
Oberwiesenthal Fichtelbergschanze
6%
Sollefteå Hallstabacken
6%
Oberhof (duża) Hans-Renner-Schanze
6%
Murau Hans-Walland-Großschanze
6%
Meldal Kløvsteinbakken
6%
Raufoss Lønnbergbakken
6%
Oslo (normalna) Midtstubakken
6%
Sankt Moritz Olympiaschanze
6%
Gallio Trampolino di Pakstall
6%
Chamonix Tremplin aux Bossons
6%
Ramsau W90-Schanze
6%
Whistler Whistler Olympic Park Ski Jump
6%
Ruhpolding Große Zirmbergschanze
0%
Sarajewo Igman Olympic Jumps
0%
Oberhof (normalna) Rennsteig-Schanze
0%
Krasnaja Polana/Soczi RusSki Gorki Jumping Center
0%
Pragelato Trampolino Olimpico
0%
Nie znaleziono quizów pasujących do podanych kryteriów
Rozkład punktacji
Procent ludzi z każdym wynikiem
Percentyl według liczby udzielonych odpowiedzi
Twoja historia wyników
Nie rozwiązałeś tego quizu